An introduction to early childhood studies/ (Record no. 891)
| 000 -LEADER | |
|---|---|
| fixed length control field | 00778nam a22002537a 4500 |
| 003 - CONTROL NUMBER IDENTIFIER | |
| control field | OSt |
| 005 - DATE AND TIME OF LATEST TRANSACTION | |
| control field | 20140116120840.0 |
| 008 - FIXED-LENGTH DATA ELEMENTS--GENERAL INFORMATION | |
| fixed length control field | 120314t xxu||||| |||| 00| 0 eng d |
| 020 ## - INTERNATIONAL STANDARD BOOK NUMBER | |
| International Standard Book Number | 9781847871688 |
| 050 ## - LIBRARY OF CONGRESS CALL NUMBER | |
| Classification number | LB1139.23 .I58 2004 |
| 245 ## - TITLE STATEMENT | |
| Title | An introduction to early childhood studies/ |
| Statement of responsibility, etc | edited by Trish Maynard and Nigel Thomas. |
| 246 ## - VARYING FORM OF TITLE | |
| Title proper/short title | Early childhood studies/ |
| 250 ## - EDITION STATEMENT | |
| Edition statement | 2nd ed. |
| 300 ## - PHYSICAL DESCRIPTION | |
| Extent | x, 307 p. : |
| Other physical details | ill. |
| 504 ## - BIBLIOGRAPHY, ETC. NOTE | |
| Bibliography, etc | Includes bibliographical references and index. |
| 650 ## - SUBJECT ADDED ENTRY--TOPICAL TERM | |
| Topical term or geographic name as entry element | Child Development. |
| 650 ## - SUBJECT ADDED ENTRY--TOPICAL TERM | |
| Topical term or geographic name as entry element | Child Behavior. |
| 650 ## - SUBJECT ADDED ENTRY--TOPICAL TERM | |
| Topical term or geographic name as entry element | Public policy |
| 650 ## - SUBJECT ADDED ENTRY--TOPICAL TERM | |
| Topical term or geographic name as entry element | Child development -- Study and teaching. |
| 650 ## - SUBJECT ADDED ENTRY--TOPICAL TERM | |
| Topical term or geographic name as entry element | Children -- Study and teaching. |
| 700 ## - ADDED ENTRY--PERSONAL NAME | |
| Personal name | Maynard, Trisha. |
| 700 ## - ADDED ENTRY--PERSONAL NAME | |
| Personal name | Thomas, Nigel. |
| 942 ## - ADDED ENTRY ELEMENTS (KOHA) | |
| Source of classification or shelving scheme | |
| Koha item type | Book |
| Withdrawn status | Lost status | Source of classification or shelving scheme | Damaged status | Not for loan | Home library | Current library | Date acquired | Source of acquisition | Cost, normal purchase price | Total Checkouts | Total Renewals | Full call number | Barcode | Date last seen | Date checked out | Copy number | Cost, replacement price | Price effective from | Koha item type |
|---|---|---|---|---|---|---|---|---|---|---|---|---|---|---|---|---|---|---|---|
| Riara University Library | Riara University Library | 14/03/2012 | Purchase | 3600.00 | 2 | 1 | LB1139.23 .I58 2004 | 3298/12 | 28/05/2016 | 20/04/2016 | C.1 | 3600.00 | 14/03/2012 | Book | |||||
| Riara University Library | Riara University Library | 14/03/2012 | Purchase | 3600.00 | 4 | 1 | LB1139.23 .I58 2004 | 3297/11 | 04/04/2018 | 22/03/2018 | C.2 | 3600.00 | 14/03/2012 | Book | |||||
| Riara University Library | Riara University Library | 14/03/2012 | Purchase | 3600.00 | LB1139.23 .I58 2004 | 3296/11 | 14/03/2012 | C.3 | 14/03/2012 | Book | |||||||||
| Riara University Library | Riara University Library | 05/02/2013 | 1 | LB1139.23 .I58 2004 | 3792/12 | 17/12/2014 | 11/12/2014 | C.4 | 05/02/2013 | Book |
